000
00299 a2200109 4500
001
ART_31491
005
20260410161707.0
008
260409a
245
1
0
_a
¿Hacia una reforma tributaria?
100
1
_a
Macon, Jorge
773
0
_t
Revista Impuestos
_g
- Nº 2 (ene. 2007)
_w
REV639
999
_c
15719
_d
15719